The exposition of 1851 : Or, views of the industry, the science, and the government, of England

This book, first published in 1851, is an example of his active and effective campaigning for the role of scientists and the place of science, technology and technical education in society. Ahead of his time, Babbage was critical of government and the scientific community for not valuing science and...

Πλήρης περιγραφή

Αποθηκεύτηκε σε:
Λεπτομέρειες βιβλιογραφικής εγγραφής
Κύριος συγγραφέας: Babbage, Charles
Μορφή: Βιβλίο
Γλώσσα:Undetermined
Έκδοση: London John Murray 1851
Θέματα:
Ετικέτες: Προσθήκη ετικέτας
Δεν υπάρχουν, Καταχωρήστε ετικέτα πρώτοι!
Thư viện lưu trữ: Trung tâm Học liệu Trường Đại học Cần Thơ
LEADER 01380nam a2200217Ia 4500
001 CTU_228994
008 210402s9999 xx 000 0 und d
082 |a 607.34 
082 |b B112 
100 |a Babbage, Charles 
245 4 |a The exposition of 1851 : 
245 0 |b Or, views of the industry, the science, and the government, of England 
245 0 |c Charles Babbage 
260 |a London 
260 |b John Murray 
260 |c 1851 
520 |a This book, first published in 1851, is an example of his active and effective campaigning for the role of scientists and the place of science, technology and technical education in society. Ahead of his time, Babbage was critical of government and the scientific community for not valuing science and technology in education. The work develops these themes, using the Great Exhibition as a backdrop to highlight the political and cultural factors that can impede scientific and technological progress. Britain's industrial supremacy, he argued, disguised the need to develop technical education. As relevant and persuasive today as in 1851, Babbage's arguments emphasise the fundamental importance of technology to the advancement of society. 
650 |a Trung tâm triển lãm,Exhibition buildings 
650 |z Nước Anh,England 
910 |b dqhieu 
980 |a Trung tâm Học liệu Trường Đại học Cần Thơ